| 000 | 00578nam a2200205 4500 | ||
|---|---|---|---|
| 001 | 128019 | ||
| 003 | ES-MaACL | ||
| 005 | 20230906193136.0 | ||
| 007 | t| | ||
| 008 | 070214s1956 sp r ||||1| spa d | ||
| 100 | 1 |
_aRíos Sarmiento, Juan. _997396 |
|
| 245 | 1 | 0 |
_aRecuerdos de un magistrado español / _cJuan Ríos Sarmiento. |
| 250 | _a1ª. ed. | ||
| 260 |
_aBarcelona : _bEd. Juventud, _c1956. |
||
| 300 |
_a189 p. ; _c22 cm. |
||
| 490 | 1 | _aVidas y memorias | |
| 830 | 0 |
_aVidas y memorias _9182703 |
|
| 852 |
_aES-MaACL _jC-10914 _bR.39092 |
||
| 999 |
_c128019 _d128019 |
||